000 00632nam a2200229Ia 4500
005 20250108125154.0
008 008 250107s9999 xx 000 0 eng d
020 _a978-06-700-8373-2
037 _aTB
040 _aCRL
_beng
_cCRL
041 _aeng
_2eng
084 _aG:527 R2
084 _qCRL
100 _aSreedher R. Au.; Murada Pooja O. Au.
_9730518
245 0 _aCommunity radio in India
_cSreedher R. Au.; Murada Pooja O. Au.
260 _aDelhi, India
_bAakar Books
_c3530
300 _a206p.
365 _aINR
_b13454
650 _aJOURNALISM
942 _cTB
_hG:527 R2
999 _c1235918
_d1235918